| 000 | 01434cam a2200361 a 4500 | ||
|---|---|---|---|
| 001 | 12735793 | ||
| 003 | OSt | ||
| 005 | 20140310181917.0 | ||
| 008 | 020410s2001 cou 000 0 eng d | ||
| 010 | _a 2002279783 | ||
| 020 | _a1581602596 | ||
| 035 | _a(OCoLC)ocm49055210 | ||
| 040 |
_aGZM _cGZM _dDLC |
||
| 042 | _alccopycat | ||
| 050 | 0 | 0 |
_aHF 5382.56 _b.B386 2001 |
| 082 | 0 | 0 |
_aTR 650.14 _bB38 2001 |
| 100 | 1 |
_aBeaver, William. _91188 |
|
| 245 | 1 | 0 |
_aOverseas Americans : _bthe essential guide to living and working abroad / _cWilliam Beaver. |
| 260 |
_aBoulder, Colo. : _bPaladin Press, _cc2001. |
||
| 300 |
_a163 p. ; _c28 cm. |
||
| 521 | _aFaculty. | ||
| 541 | _j1 | ||
| 562 | _e1 | ||
| 650 | 0 |
_aAmericans _xEmployment _zForeign countries. _91189 |
|
| 650 | 0 |
_aEmployment in foreign countries. _91190 |
|
| 650 | 0 |
_aAmericans _zForeign countries. _91191 |
|
| 856 | 4 | 2 |
_3Contributor biographical information _uhttp://www.loc.gov/catdir/enhancements/fy0741/2002279783-b.html |
| 856 | 4 | 2 |
_3Publisher description _uhttp://www.loc.gov/catdir/enhancements/fy0741/2002279783-d.html |
| 856 | 4 | 1 |
_3Table of contents only _uhttp://www.loc.gov/catdir/enhancements/fy0741/2002279783-t.html |
| 906 |
_a7 _bcbc _ccopycat _d2 _encip _f20 _gy-gencatlg |
||
| 942 |
_2lcc _cBK-TR _kTR |
||
| 999 |
_c6830 _d6830 |
||